Chemical process industries (Record no. 3899)

000 -LEADER
fixed length control field 00616nam a22002171 4500
001 - CONTROL NUMBER
control field 3899
003 - CONTROL NUMBER IDENTIFIER
control field BD-DhUET
008 - FIXED-LENGTH DATA ELEMENTS--GENERAL INFORMATION
fixed length control field 731212s1967 nyua b 000 0 eng
040 ## - CATALOGING SOURCE
Original cataloging agency DLC
Transcribing agency DLC
Modifying agency BD-DhUET
082 00 - DEWEY DECIMAL CLASSIFICATION NUMBER
Classification number 660.284
Item number SHR/1967
100 ## - MAIN ENTRY--PERSONAL NAME
Personal name Shreve, Randolph Norris
245 10 - TITLE STATEMENT
Title Chemical process industries
Statement of responsibility, etc. by R. Norris Shreve.
250 ## - EDITION STATEMENT
Edition statement 3rd ed.
260 ## - PUBLICATION, DISTRIBUTION, ETC. (IMPRINT)
Place of publication, distribution, etc. New York
Name of publisher, distributor, etc. McGraw-Hill
Date of publication, distribution, etc. 1967.
300 ## - PHYSICAL DESCRIPTION
Extent xii, 905 p.
Other physical details ill.
Dimensions 24 cm.
490 0# - SERIES STATEMENT
Series statement McGraw-Hill chemical engineering series
504 ## - BIBLIOGRAPHY, ETC. NOTE
Bibliography, etc Includes bibliographies
650 #0 - SUBJECT ADDED ENTRY--TOPICAL TERM
Topical term or geographic name as entry element Chemical industries
650 #0 - SUBJECT ADDED ENTRY--TOPICAL TERM
Topical term or geographic name as entry element Chemical process
942 ## - ADDED ENTRY ELEMENTS (KOHA)
Koha item type General Book
Holdings
Copy number Koha item type Koha date last seen Koha date last borrowed Koha normalized classification for sorting Koha issues (times borrowed) Sublocation or collection (holding branch) Location (home branch) Lost status Source of classification or shelving scheme Shelving location Piece designation (barcode) Koha full call number Date acquired Withdrawn status Price effective from Not for loan Damaged status
1General Book2018-12-092018-12-09660_000000000000000_284SHR196712Central Library, BUETCentral Library, BUET  Circulation section16350660.284/SHR/19672014-11-08 2014-11-08  
2General Book2016-02-272015-12-23660_000000000000000_284SHR19671Central Library, BUETCentral Library, BUET  Circulation section24440660.284/SHR/19672014-11-08 2014-11-08  
3General Book2018-08-012018-03-31660_284000000000000_SHR_19672Central Library, BUETCentral Library, BUET  Circulation section16349660.284/SHR/19672015-02-24 2015-02-24  
4Reading Item2015-06-18 660_284000000000000_SHR_1967 Central Library, BUETCentral Library, BUET  Reading section11224660.284/SHR/19672015-06-18 2015-06-18